Statistics for EU4 monuments by country

Click here to take the quiz!

General Stats

  • This quiz has been taken 50 times
  • The average score is 10 of 15

Answer Stats

Great ProjectCountry% Correct
VersaillesFrance
98%
Cologne CathedralCologne
82%
Brandenburg GateBrandenburg
80%
Doge's PalaceVenice
80%
Dutch PoldersHolland
78%
Falun Copper MineSweden
78%
Hagia SophiaByzantium
76%
Gyeongbok PalaceKorea
73%
Santa Maria del FioreFlorence
69%
AlhambraGrenada
69%
Machu PicchuCusco
64%
The Grand Palace of BangkokAyutthaya
62%
Bam CitadelTimurids
44%
Taj MahalJuanpur
42%
InukshukNone
24%

Score Distribution

Percentile by Number Answered

Percent of People with Each Score

Your Score History

You have not taken this quiz